| 000 | 00904nam a2200253 a 4500 | ||
|---|---|---|---|
| 005 | 20150113150105.0 | ||
| 008 | 140217b2009 ck ||||| |||| 00| 0 spa d | ||
| 040 |
_aCO-BoIAVH _cCO-BoIAVH |
||
| 041 | _aspa | ||
| 044 | _ack | ||
| 090 |
_aIAVH _b01399 |
||
| 100 |
_aQuiceno Mesa, María Paula _92333 |
||
| 245 |
_aCaracterización de la biodiversidad y lineamientos generales para la formulación de un plan de manejo del Parque Natural Regional the Peal en la isla de Providencia _binforme final |
||
| 260 |
_aBogotá _bInstituto Alexander von Humboldt _c2009 |
||
| 300 | _a117 p. | ||
| 700 |
_aOspina Medina, Daniel _92463 |
||
| 700 |
_aPalacios Noguera, Santiago _92464 |
||
| 700 |
_aRamos Barón, Pablo _92465 |
||
| 700 |
_aRomero Duque, Luz Piedad _96316 |
||
| 700 |
_aOrtega Rincón, Marcela _96317 |
||
| 700 |
_aRestrepo Calle, Sebastián _96050 |
||
| 942 |
_cINFORME _2z |
||
| 945 | _d2010-02-16 | ||
| 999 |
_c7265 _d7265 |
||